Życie literackie i literatura w Wilnie dwóch stulecie

Titel: Życie literackie i literatura w Wilnie dwóch stulecie
Verfasser:
In: Życie literackie i literatura w Wilnie XIX-XX wieku, (2000), Seite 7-14
alle Artikel anzeigen
Veröffentlicht: 2000
Format: Aufsatz
Sprache: Polnisch
Kein Bild verfügbar
X
alg: 39384555
001A    $01999:12-11-16 
001B    $01999:28-05-21 $t19:21:21.000 
001D    $01999:12-11-16 
001U    $0utf8 
001X    $00 
002@    $0Aox 
003@    $0393845559 
007A    $0393845559 $aHEB 
007T    $0Herdk19283 
010@    $apol 
011@    $a2000 
021A    $aŻycie literackie i literatura w Wilnie dwóch stulecie 
028A    $#Bujnicki, Tadeusz $#Bujnicki, Tedeusz $7129676675 $8Bujnicki, Tadeusz$Z1933- [Tp1] $9125815867 
031A    $h7-14 $j2000 
039B    $aIn $8--Aax--. Życie literackie i literatura w Wilnie XIX-XX wieku. - Kraków : Colegium Columbinum, 2000. - 312 S. $x200000000000000993 $9395586232 
045F    $a307.094793 $eDDC23BSB 
045F/01 $a307.09 
045F/03 $g4793 
045F/03 $g438 

lok: 39384555 78

exp: 39384555 78 1 #EPN
201B/01 $012-12-17 $t11:22:05.000 
201U/01 $0utf8 
203@/01 $0789956055 
208@/01 $a12-11-16 $be 
209A/01 $a/ $f000 $x00 
220C/01 $aTitelaufnehmer: pbb 
220C/01 $aHerkunft: IH PAN/PBB Kraków;*i 
244Z/01 $2Trx $#Poola $#Lenkija $#Polija $#Polen Land $#Poland $#Lengyelország $#Poľsko $#Polsko $8--Trx--Polska$gkraj $x01 $9391345966 
244Z/01 $2Trx $#Litauen $#Lithuania $#Litwa $#Litva $#Litva $8--Trx--Lietuva $x02 $9391193457 
244Z/01 $#Wilna $#Wilna Vilnius $#Wilnjus $#Wilno $#Vilna $#Vilni $#Wilniuje $#Wilna $75057560-0 $8--Tg1--Vilnius $x03 $9044721684 
244Z/01 $aGeschichte 1800-2000 $x04 
244Z/01 $2Trx $#kultuur üldine $#kultūra bendras $#culture $#kultúra általános $#kultura ogólnie $#kultúra všeobecne $#kultura všeobecná $8--Trx--Kultur$gallgemein $x05 $9391375490 
244Z/01 $2Trx $#kirjandus üldine $#literatūra bendras $#literature general $#irodalom, általános $#literatura ogólnie $#literatúra všeobecne $#literatura všeobecně $#życie literackie $8--Trx--Literatur$gallgemein $x06 $9391365320 
244Z/01 $2Trx $8--Trx--Einzelbeiträge $x07 $9391384570 
245Z/01 $a13.03 $x01 
245Z/01 $a11.01 $x02 
247C/01 $82080>Marburg/Lahn, Herder-Institut, Forschungsbibliothek, Bibliographieportal $9336309341
LEADER 00000caa a22000002c 4500
001 393845559
003 DE-603
005 20210528192121.0
007 tu
008 161112s2000 xx |||| | u00||u|pol c
035 |a (DE-599)HEB393845559 
040 |a DE-603  |b ger  |c DE-603  |d DE-603 
041 |a pol 
082 0 4 |8 1\u  |a 307.094793  |q DE-101  |2 23/BSB 
085 |8 1\u  |b 307.09 
085 |8 1\u  |z 2  |s 4793 
085 |8 1\u  |z 2  |s 438 
100 1 |a Bujnicki, Tadeusz  |d 1933-  |0 (DE-603)125815867  |0 (DE-588)129676675  |2 gnd 
245 0 0 |a Życie literackie i literatura w Wilnie dwóch stulecie 
264 0 |c 2000 
773 0 8 |i In  |t Życie literackie i literatura w Wilnie XIX-XX wieku  |d Kraków : Colegium Columbinum, 2000  |h 312 S., 8°  |g (2000), Seite 7-14  |w (DE-603)395586232 
924 0 |9 2080  |a (DE-603)789956055  |b DE-2080  |c HES  |d d  |g /